000 00556nam a22001697a 4500
005 20120317161543.0
020 _a0517064200
_c00.00
035 _aA-943012
037 _aDPL
_bENG
100 _aRussell, Bertrand
_943893
245 _aWisdom of the west /
_cby Bertrand Russell
250 _arprn. 1977
260 _aLondon
_bCrescent Books, Inc
_c1977
300 _a320p.
_c30 cms.
942 _2ddc
_cEN
_h190
_mRUS
999 _c64109
_d64109